000 00329nam a22001337a 4500
020 _a978-93-5732-237-9
082 _a894.812
_bRAJ/L
100 _aSIVASHANKAR, RAJEEV
245 _aLALLU UNCLENTE KUSRUTHIKAL
260 _aKOTTAYAM
_bDC BOOKS
_c2023
300 _a182
650 _aMALAYALAM LITERATURE/ NOVEL
_zKERALA
942 _cBK
999 _c7079
_d7079